000 00293nam a2200121Ia 4500
008 231129s1972||||xx |||||||||||||| ||spa||
082 _aHAJ- 0369
100 _aSarmiento de Gamboa Pedro
245 0 _aHistoria de los Incas
260 _c1972
264 _a[sin editorial]
942 _2ddc
_cBKS
999 _c15204
_d15204